00289nam a2200109Ia 4500008004100000041001200041082001100053100001600064245008700080260000600167650000600173221030s9999 xx 000 0 und d aEnglish a105.23 aJ. B. Gupta 2aA Course in Electronic & Electrical Measurements & Instrumentationcby J. B. Gupta c0 aB